| 000 | 01464nam a2200409 a 4500 | ||
|---|---|---|---|
| 001 | BNC01000000000000001132592 | ||
| 003 | CL-SaCFP | ||
| 005 | 20260402105933.0 | ||
| 008 | 170809s2017 amca b 000 0 spa | ||
| 015 |
_acl-2017-xxxx _2bcl |
||
| 020 | _a9789562052603 | ||
| 040 |
_aclsabn _bspa _cclsabn |
||
| 041 | 1 |
_aspa _beng |
|
| 043 |
_as-cl--- _2bcl |
||
| 082 | 0 | 4 |
_a352.2830983 _bD445 _221 |
| 090 | _aPMG2017/agosto | ||
| 099 | _ajhh/20170809 | ||
| 099 | _avag/o/20190320 | ||
| 099 | _amcb/s/20190320 | ||
| 099 | _amcb/a/20200706 | ||
| 245 | 0 | 0 |
_aDescentralización : _bimpactos y desafíos en la competitividad nacional y regional / _cFlavio Candia y Rodrigo Peñailillo (investigadores). |
| 246 | 3 | 0 | _aImpactos y desafíos en la competitividad nacional y regional |
| 250 | _aJunio 2017. | ||
| 260 |
_aSantiago de Chile : _bEdiciones FLACSO-Chile, _c2017 _e(Santiago, Chile : _fGráfica LOM,) |
||
| 300 |
_a255 páginas : _bdiagramas ; _c24 cm. |
||
| 490 | 1 | _aSerie libros Flacso-Chile | |
| 504 | _aBibliografía: páginas 241-249. | ||
| 504 | _aIncluye notas bibliográficas. | ||
| 546 | _aIncluye sumario en inglés. | ||
| 650 | 7 |
_aDescentralización administrativa _zChile |
|
| 650 | 7 |
_aDescentralización administrativa _xAspectos económicos _zChile |
|
| 700 | 1 |
_aCandia, Flavio _einvestigador |
|
| 700 | 1 |
_aPeñailillo, Rodrigo _einvestigador |
|
| 830 | 0 | _aSerie libros FLACSO-Chile | |
| 942 |
_2ddc _cLIBRO |
||
| 949 |
_au _bc |
||
| 999 |
_c16352 _d16352 |
||